000 00637nam a2200181Ia 4500
008 151018s9999 xx 000 0 und d
082 _bRBASDV63298
_a110
100 _aउत्कर्षकुमार आठल्ये
245 _aसाधना सार
250 _b1
260 _b"गवळी प्रकाशन, इस्लामपूर"
_c2013
300 _a208
600 _aउत्कर्षकुमार आठल्ये
630 _aसाधना सार
700 _aउत्कर्षकुमार आठल्ये
730 _aसाधना सार
942 _cBOOK
999 _c1055641
_d1055638